Revolutionary anti-Ottoman organizations' flags - Statistics

General Stats
  • This quiz has been taken 38 times
  • The average score is 8 of 12
Answer Stats
Picture Hint Answer % Correct
1918 Committee for the National Defence of Kosovo
97%
1444 Lezhë League
97%
1878 Prizren League
97%
1862 Bulgarian Legion
90%
1821 Sacred Band
87%
1902 Serbian Chetnik Organization
83%
1893 Internal Macedonian Revolutionary Organization
77%
1903 Kruševo Republic
70%
1904 Makedonomachoi
67%
1890 Armenian Revolutionary Federation
50%
1814 Filikí Etería
17%
1877 Opalchentsi
3%
No matching quizzes found
Score Distribution
Percent of People with Each Score
Percentile by Number Answered
Your Score History
You have not taken this quiz